<?xml version="1.0" encoding="UTF-8"?>
<collection xmlns="http://www.loc.gov/MARC21/slim">
  <record>
    <leader>00000nam  2200000   4500</leader>
    <controlfield tag="001">INLIS000000000009009</controlfield>
    <controlfield tag="005">20200715105102</controlfield>
    <datafield tag="035" ind1="#" ind2="#">
      <subfield code="a">0010-0720000100</subfield>
    </datafield>
    <controlfield tag="007">ta</controlfield>
    <controlfield tag="008">200715################e##########0#ind##</controlfield>
    <datafield tag="020" ind1="#" ind2="#">
      <subfield code="a">9797690164</subfield>
    </datafield>
    <datafield tag="082" ind1="#" ind2="#">
      <subfield code="a">320.1</subfield>
    </datafield>
    <datafield tag="084" ind1="#" ind2="#">
      <subfield code="a">320.1 Nur i</subfield>
    </datafield>
    <datafield tag="100" ind1=" " ind2="#">
      <subfield code="a">Nurtjahjo, Hendra</subfield>
    </datafield>
    <datafield tag="245" ind1="1" ind2="#">
      <subfield code="a">Ilmu Negara Pengembangan Teori Bernegara dan Suplemen /</subfield>
      <subfield code="c">Hendra Nurtjahjo</subfield>
    </datafield>
    <datafield tag="250" ind1="#" ind2="#">
      <subfield code="a">ed.1</subfield>
    </datafield>
    <datafield tag="260" ind1="#" ind2="#">
      <subfield code="a">Jakarta :</subfield>
      <subfield code="b">PT. Raja Grafindo Persada,</subfield>
      <subfield code="c">2005</subfield>
    </datafield>
    <datafield tag="300" ind1="#" ind2="#">
      <subfield code="a">x, 204 hal. :</subfield>
      <subfield code="b">ilus ;</subfield>
      <subfield code="c">20 cm</subfield>
    </datafield>
    <datafield tag="650" ind1="#" ind2="#">
      <subfield code="a">1. Negara</subfield>
    </datafield>
    <datafield tag="520" ind1="#" ind2="#">
      <subfield code="a">Buku Ilmu Negara ini merupakan buku wajib bagi mahasiswa Fakultas Hukum yang disusun sesuai dengan perkembangan ketatanegaraan dengan adanya amandemen konstitusi tahun 1999-2000 (perubah UUD 1945). Untuk menjawab tantangan zaman yang semakin kompleks dengan permasalahan kenegaraan yang sedang berubah, sudah semestinya disajikan Ilmu Negara Khusus secara kontekstual, tanpa kehilangan kekuatan pendekatan historis-logis sebagaimana menjadi karakter pengajaran ilmu negara (umum) sebelumnya. Kontekstualitas disini dibutuhkan agar ada titik sambung antara Ilmu Negara Umum dengan Hukum Tata Negara aktual. Dengan demikian, suguhan filsafat politik-kenegaraan, keterkaitan pendekatan yuridis, sosiologis, dan filosofis, dapat lebih terasa membumi. Buku ini ditujukan bagi mahasiswa Fakultas Hukum, Fakultas Ilmu Sosial dan Ilmu Politik, Fakultas Ilmu Pemerintahan, Studi Ketahanan Nasional, Ilmu Kepolisian dan mahasiswa Pendidikan Tinggi Hukum Militer serta peminat masalah kenegaran pada umumnya.</subfield>
    </datafield>
    <datafield tag="856" ind1="#" ind2="#">
      <subfield code="a">Perpustakaan Lembaga Administrasi Negara</subfield>
    </datafield>
    <datafield tag="990" ind1="#" ind2="#">
      <subfield code="a">070410558</subfield>
    </datafield>
    <datafield tag="990" ind1="#" ind2="#">
      <subfield code="a">070410557</subfield>
    </datafield>
  </record>
</collection>
